Statistiques concernant Culture Générale - Série 1393

Cliquez ici pour prendre le quiz!

Statistiques générales

  • Ce quiz a été pris 61 fois
  • Le résultat moyen est 4 sur 10

Statistiques - réponses

QuestionRéponse% Correct
A quel pays se rapporte l'adjectif "helvétique" ?Suisse
91%
De quel roi de France, Anne d'Autriche était-elle la mère ?Louis XIV
82%
Quel héros de bande dessinée a une petite soeur prénommée Zizie ?Titeuf
77%
Après l'Everest, quel est le deuxième plus haut sommet du monde ?K2
56%
En Charente, quel animal comestible appelle-t-on une cagouille ?escargot
53%
Quel était le nom du dirigeable zeppelin qui prit feu en mai 1937 à son arrivée à l'aéroport de Lakehurst, près de New York ?Hindenburg
32%
Quel acteur incarne Raymond Tango, aux côtés de Kurt Russell, dans le film "Tango & Cash" ?Sylvester Stallone
23%
Quel est le nom du capitaine des pirates dont Astérix et Obélix coulent régulièrement le bateau dans leurs aventures ?Barbe-Rouge
18%
Quelle chanteuse britannique interprète le générique du film : "Goldfinger", en 1964 ?Shirley Bassey
11%
Quel est le vrai prénom d'Orlando, agent artistique et frère cadet de Dalida ?Bruno
5%

Distribution des résultats

Percentile par nombre de réponses

% des personnes avec chaque résultat

Votre développement - résultats

Vous n’avez pas pris ce quiz